We Almost Broke Up Again Last Night (Lyrics)- Sabrina Carpenter - Statistics

General Stats
  • This quiz has been taken 62 times
  • The average score is 229 of 277
Answer Stats
Answer % Correct
a
100%
I
100%
"I
100%
the
100%
We
100%
we
100%
almost
96%
broke
96%
last
96%
night
96%
say
96%
so
96%
that
96%
up
96%
and
93%
And
93%
You
93%
again
89%
All
89%
all
89%
he
89%
it
89%
our
89%
said
89%
then
89%
Then
89%
were
89%
we're
89%
be
85%
had
85%
hear
85%
"I'm
85%
I'm
85%
it's
85%
know
85%
know"
85%
love
85%
made
85%
of
85%
sex
85%
to
85%
"Yeah
85%
Yeah
85%
Been
81%
been
81%
Called
81%
friends
81%
here
81%
in
81%
is
81%
Is
81%
sorry's"
81%
fucking
78%
goes?
78%
how
78%
me
78%
right
78%
that's
78%
That's
78%
amends
74%
my
74%
no
74%
what
74%
apart
70%
"Bullshit
70%
driftin'
70%
his
70%
repeats
70%
saying
70%
times
70%
we'll
70%
When
70%
when
70%
you's"
70%
alarm
67%
false
67%
head
67%
him
67%
itself"
67%
thousand
67%
tomorrow
67%
before
63%
eyes
63%
give
63%
Got
63%
sees
63%
sounds
63%
talk
63%
we've
63%
about
59%
Gave
59%
gave
59%
memory
59%
on
59%
selective
59%
boys
56%
close
56%
'em
56%
looks
56%
out
56%
predictable
56%
something
56%
sweet
56%
tone
56%
treats
56%
Big
52%
compete
52%
days
52%
deal
52%
other
52%
plug
52%
pull
52%
tell
52%
working
52%
heart
48%
Least
48%
starts
48%
swear
48%
whole
48%
little
44%
though
41%
much
37%
reach
30%
No matching quizzes found
Score Distribution
Percent of People with Each Score
Percentile by Number Answered
Your Score History
You have not taken this quiz